000 01149nam a2200229Ia 4500
001 L246-14262
003 IT-CnALBA
008 170116s9999||||xx |||||||||||||| ||und||
040 _aIT-CnALBA
_cIT-CnALBA
041 _aITALIANO
100 _aPIETRANGELI CARLO
245 0 _aI PONTEFICI IN CAMPIDOGLIO. RIVISTA " CAPITOLIUM " DI ROMA.
250 _a1a ed.
260 _bNOMENTANA. LITOSTAMPA. ROMA'
_c1966 [1° Ed.:1966 - Ed.Ling.Originale: 1966]
300 _a28 p.
500 _aFASCICOLO SPECIALE DELLA RIVISTA " CAPITOLIUM " DI ROMA IN OCCASIONE DELLA VISITA IN CAMPIDOGLIO DI PAOLO VI IL 16 APRILE 1966. I PAPI E MICHELANGELO. INNOCENZO X. INNOCENZO XIII. PIO VII. PIO IX. DISCORSO DI PAPA PAOLO VI.
501 _aSocietà San Paolo EM - Piazza San Paolo, 14 - 12051 ALBA (CN) (non commercial uses only) ® Copyright 2017
520 _aFASCICOLO SPECIALE DELLA RIVISTA " CAPITOLIUM " DI ROMA IN OCCASIONE DELLA VISITA IN CAMPIDOGLIO DI PAOLO VI IL 16 APRILE 1966. I PAPI E MICHELANGELO. INNOCENZO X. INNOCENZO XIII. PIO VII. PIO IX. DISCORSO DI PAPA PAOLO VI.
650 _aARTE CRISTIANA
942 _cBK
957 _71
999 _a19014
_bNO
_g Copie: 1
_c273437
_d273437